| 000 | nam a22 7a 4500 | ||
|---|---|---|---|
| 999 |
_c9392 _d9392 |
||
| 008 | 180516b ||||| |||| 00| 0 eng d | ||
| 082 |
_22003 _aDFil 899.2103 _bJ57t |
||
| 100 |
_927906 _aJoaquin, Nick |
||
| 245 |
_aThe Woman Who Had Two Navels/ _cNick Joaquin |
||
| 300 |
_apages 183-242; _c14 cm |
||
| 500 | _aTropical Gothic | ||
| 650 | 0 |
_927907 _aShort Stories, Philippine (English). |
|
| 942 |
_2ddc _cDFIL |
||